000 00641nam a2200229Ia 4500
003 OSt
005 20220923230712.0
006 a|||||r|||| 00| 0
007 ta
008 Pun
024 _a304,883
037 _cTextual
040 _aARTS
_cARTS
_bPun
041 _2Pun
_aPun
082 _aV243:4AN2, 153M0
100 _aਪ੍ਰਵਾਨਾ, ਸੋਹਣ ਸਿੰਘ
245 0 _aਨਿਧੜਕ - ਪ੍ਰਵਾਨੇ
260 _c1980
650 _aਭਾਰਤੀਯ ਇਤਿਹਾਸ
942 _hV243:4AN2, 153M0
_cTEXL
_2CC
999 _c386690
_d386690